Statistics for Rock Songs #18

Click here to take the quiz!

General Stats

  • This quiz has been taken 28 times
  • The average score is 6 of 20

Answer Stats

Song NameNumber of Spotify Streams to nearest MillionArtist% Correct
Life in the Fast Lane319Eagles
64%
Danger Zone503Kenny Loggins
60%
Alive523Pearl Jam
60%
St. Anger90Metallica
52%
Big Balls47AC/DC
44%
Mama I'm Coming Home200Ozzy Osbourne
44%
Live Wire117Motley Crue
40%
Going to California225Led Zeppelin
36%
California Uber Alles37Dead Kennedys
24%
Joker And The Thief302Wolfmother
20%
Pussy89Rammstein
16%
The Hell Song206Sum 41
16%
Superman139Goldfinger
12%
Hotter than Hell5Kiss
12%
Big Cheese10Nirvana
12%
The Adults Are Talking425The Strokes
12%
Wattershed6Foo Fighters
8%
Vodka44Korpiklaani
8%
Scum of the earth25Rob Zombie
8%
Headbanger7Teenage Bottlerocket
4%

Score Distribution

Percentile by Number Answered

Percent of People with Each Score

Your Score History

You have not taken this quiz